MARC

LEADER 00000nam0a2200000 4500
001 73177
005 20231031084126.0
010 |a 5704600506 
035 |a (RuTPU)RU\TPU\book\78061 
090 |a 73177 
100 |a 20050211d1994 m y0rusy50 ca 
101 0 |a rus 
102 |a RU 
105 |a a j 001zy 
200 1 |a Аппараты погружного горения  |e учебное пособие для вузов  |f А. Н. Алабовский, П. Г. Удыма 
210 |a Москва  |c Изд-во МЭИ  |d 1994 
215 |a 255 с.  |c ил. 
320 |a Библиогр.: с. 251-253. 
610 1 |a химическая технология 
610 1 |a погружные горелки 
610 1 |a погружное горение 
610 1 |a теория 
610 1 |a барботаж 
610 1 |a барботажные аппараты 
610 1 |a выпаривание 
610 1 |a конструирование 
610 1 |a использование 
610 1 |a промышленные сточные воды 
610 1 |a обезвреживание 
610 1 |a эксплуатация 
610 1 |a учебные пособия 
675 |a 66.048(075.8)  |v 3 
700 1 |a Алабовский  |b А. Н.  |g Александр Николаевич 
701 1 |a Удыма  |b П. Г.  |g Петр Григорьевич 
801 1 |a RU  |b 63413507  |c 20050211  |g PSBO 
801 2 |a RU  |b 63413507  |c 20121122  |g PSBO 
942 |c BK